UM Logo

The technology doesn't matter : (Record no. 19257)

MARC details
000 -LEADER
fixed length control field 00577nam a22001577a 4500
008 - FIXED-LENGTH DATA ELEMENTS--GENERAL INFORMATION
fixed length control field 240221b ||||| |||| 00| 0 eng d
020 ## - INTERNATIONAL STANDARD BOOK NUMBER
International Standard Book Number 9781394182282
082 ## - DEWEY DECIMAL CLASSIFICATION NUMBER
Classification number DC 658.4038
Item number L799 2023
100 ## - MAIN ENTRY--PERSONAL NAME
Personal name Lockett, Rachel
9 (RLIN) 52887
245 ## - TITLE STATEMENT
Title The technology doesn't matter :
Remainder of title prioritizing the people in IT business alignment /
Statement of responsibility, etc. Rachel Lockett.
260 ## - PUBLICATION, DISTRIBUTION, ETC. (IMPRINT)
Place of publication, distribution, etc. Hoboken, NJ :
Name of publisher, distributor, etc. WILEY,
Date of publication, distribution, etc. ©2023.
300 ## - PHYSICAL DESCRIPTION
Extent xiii, 300 pages ;
Dimensions 23 cm.
500 ## - GENERAL NOTE
General note Includes bibliographical references and index.<br/>
650 ## - SUBJECT ADDED ENTRY--TOPICAL TERM
Topical term or geographic name as entry element Information technology
General subdivision Management.
9 (RLIN) 52888
942 ## - ADDED ENTRY ELEMENTS (KOHA)
Source of classification or shelving scheme Dewey Decimal Classification
Koha item type Circulation
Holdings
Withdrawn status Lost status Source of classification or shelving scheme Damaged status Not for loan Collection code Home library Current library Date acquired Source of acquisition Cost, normal purchase price Total Checkouts Full call number Barcode Date last seen Price effective from Koha item type
    Dewey Decimal Classification     Circulation UM Digos College - LIC UM Digos College - LIC 07/19/2023 Purchased 2800.00   DC 658.4038 L799 2023 27587 02/21/2024 02/21/2024 Circulation